College Quizbowl Stats
College Quizbowl Stats
Circuits
Seasons
Sets
Records
Detailed Stats
About
Loading...
Upper Mid-Atlantic (1)
Tossups
Bonuses
Players
Teams
Categories (Tossup)
Categories (Bonus)
Jonathan Li
Penn B
Categories
Category
Powers
Gets
Negs
BBs
Points
Earliest Buzz
Avg. Buzz
First Buzzes
Top 3 Buzzes
BPA
PVF
History - American
0
1
0
0
10
88
88.00
0
0
3.38
0.91
History - World
0
2
2
1
10
108
125.00
0
0
2.29
7.27
Social Science
0
1
0
0
10
77
77.00
0
1
3.64
8.00
History - European
0
0
1
0
-5
0.00
0
0
0.00
0.00
Buzzes
Category
Answer
Value
Buzz Position
History - European
Armenians
-5
44
Social Science
leisure
10
77
History - World
Indian Ocean
-5
79
History - World
Taiwan
-5
84
History - American
Battle of Midway
10
88
History - World
Pashtuns
10
108
History - World
Kongo
10
142
Previous
1
Next